000 00774nam a22002177a 4500
005 20111007152536.0
010 _aG-001687
020 _a98186405007
_c700.00
035 _aG-001687
037 _bGift
082 _a920
100 _aDarshan Singh
_935337
245 _aK.R. Narayanan:
_cby Darshan Singh
_ba journey from Uzhavoor to Raisina Hills /
260 _aNew Delhi
_bUnited Children's Movement
_c1999
270 _a12A/39, WEA, Karol Bagh
_bNew Delhi
_e110005
300 _avi, 203p.
_c18cm (Hb)
_bb&w photos
500 _aIncludes index
942 _2ddc
_cEN
_mDAR
_h920
999 _c57419
_d57419